000 00888nam a2200265Ia 4500
003 OSt
005 20221005111207.0
006 a|||||r|||| 00| 0
007 ta
008 221004b |||||||| |||| 00| 0 hin d
020 _a9789350002186 (hbk)
_c375
024 _a17239
037 _b527, 21/03/2015, Vani Prakashan
_cTextual
040 _aCRL
_cCRL
_bhin
041 _2hin
_ahin
082 _aO152,6N47x, Q0
100 _aराजकिशोर
245 0 _aगांधी मेरे भीतर
246 _aGāandhī mere bhītara
260 _aनई दिल्ली
_bवाणी प्रकाशन भारत
_c2010
300 _a150पृ0
_ccm.
650 _aहिन्दी साहित्य
942 _hO152,6N47x, Q0
_cTEXL
_2cc
999 _c1021110
_d1021110